000 00288nam a22001337a 4500
008 170203b xxu||||| |||| 00| 0 eng d
020 _a11772
041 _aeng
080 _a61
100 _a3
101 _aSHM
245 _aTHE 8 WEEK CHOLESTEROL CURE
_cKOWALSKI, R.E
942 _2udc
_cBK
999 _c4508
_d4508